[Event "AUTO-OPEN-3439"]
[Site "http://www.queenalice.com/game.php?id=1342842"]
[Date "2015.2.20"]
[Round "1"]
[White "jnable"]
[Black "LordBlack"]
[Result "1-0"]
[WhiteElo "1959"]
[BlackElo "1731"]

1. e4 c5 2. Ne2 Nc6 3. g3 d6 4. c3 Nf6 5. Bg2 e6 6. d4 cxd4 7. cxd4 Be7 8. Nbc3
O-O 9. O-O Nd7 10. f4 a6 11. Be3 Bf6 12. a3 g6 13. Rc1 Bg7 14. Kh1 Nb6 15. Rc2
Nc4 16. Bg1 b6 17. Qd3 1-0

[Event "AUTO-OPEN-3439"]
[Site "http://www.queenalice.com/game.php?id=1342845"]
[Date "2015.2.20"]
[Round "1"]
[White "LordBlack"]
[Black "bonow"]
[Result "0-1"]
[WhiteElo "1735"]
[BlackElo "2235"]

1. d4 d5 2. c4 c6 3. cxd5 cxd5 4. Nf3 Nc6 5. Nc3 Nf6 6. e3 e6 7. Bd3 Be7 8. O-O
O-O 9. Re1 Bd7 10. a3 Qc7 11. b4 Nxb4 12. Nb5 Bxb5 13. axb4 Bxd3 14. Qxd3 Bxb4
15. Bd2 Bxd2 16. Nxd2 Rfc8 17. Rac1 Qd7 18. Nb3 b6 19. Rxc8+ Rxc8 20. f3 Qa4 21.
Rc1 Rxc1+ 22. Kf2 Rh1 0-1

[Event "AUTO-OPEN-3439"]
[Site "http://www.queenalice.com/game.php?id=1342846"]
[Date "2015.2.20"]
[Round "1"]
[White "bonow"]
[Black "LordBlack"]
[Result "1-0"]
[WhiteElo "2236"]
[BlackElo "1733"]

1. d4 d5 2. c4 e6 3. Nc3 c6 4. Nf3 Nf6 5. e3 Be7 6. Bd3 O-O 7. O-O Re8 8. Bd2
Nbd7 9. Qb3 Nf8 10. e4 Nxe4 11. Nxe4 dxe4 12. Bxe4 Ng6 13. Bxg6 hxg6 14. Bb4 b6
15. Bxe7 Qxe7 16. Rfe1 Qc7 17. Rad1 Qf4 18. Ne5 Bb7 19. c5 f6 20. Nc4 Re7 21.
cxb6 c5 22. dxc5 Qg5 23. Ne3 f5 24. c6 1-0

[Event "AUTO-OPEN-3442"]
[Site "http://www.queenalice.com/game.php?id=1343924"]
[Date "2015.2.25"]
[Round "1"]
[White "LordBlack"]
[Black "Leonardompaula89"]
[Result "1-0"]
[WhiteElo "1852"]
[BlackElo "2028"]

1. d4 Nf6 2. c4 c5 3. e3 cxd4 4. exd4 d5 5. Nc3 dxc4 6. Bxc4 g6 7. Nf3 Bg7 8.
O-O O-O 9. Re1 Nc6 10. a3 Bg4 11. Be3 1-0

[Event "AUTO-OPEN-3442"]
[Site "http://www.queenalice.com/game.php?id=1343925"]
[Date "2015.2.25"]
[Round "1"]
[White "Leonardompaula89"]
[Black "LordBlack"]
[Result "0-1"]
[WhiteElo "2028"]
[BlackElo "1804"]

1. e4 c5 2. c3 Nc6 3. d4 cxd4 4. cxd4 d6 5. Nf3 Bg4 6. Bb5 a6 7. Bxc6+ bxc6 8.
O-O e6 9. Nc3 Be7 10. h3 Bh5 11. Be3 Nf6 0-1

[Event "AUTO-OPEN-3443"]
[Site "http://www.queenalice.com/game.php?id=1344143"]
[Date "2015.2.26"]
[Round "1"]
[White "LordBlack"]
[Black "Mariahi"]
[Result "0-1"]
[WhiteElo "1741"]
[BlackElo "2152"]

1. d4 d6 2. c4 Nf6 3. Nc3 g6 4. Nf3 Bg7 5. e3 O-O 6. Be2 c5 7. O-O cxd4 8. exd4
a6 9. h3 Nc6 10. Be3 Qa5 0-1

[Event "AUTO-OPEN-3443"]
[Site "http://www.queenalice.com/game.php?id=1344164"]
[Date "2015.2.26"]
[Round "1"]
[White "ALDROB"]
[Black "LordBlack"]
[Result "1-0"]
[WhiteElo "1801"]
[BlackElo "1814"]

1. b4 e6 2. a3 d5 3. Bb2 Nf6 4. e3 Nbd7 5. c4 c6 6. Nf3 g6 7. c5 Bg7 8. Be2 O-O
9. d4 Re8 10. Nbd2 Ne4 11. Nxe4 dxe4 12. Nd2 e5 13. Nxe4 Re6 14. Bf3 exd4 15.
Bxd4 Ne5 16. Be2 Qc7 17. Nd6 b6 18. Rc1 bxc5 19. bxc5 Re7 20. O-O Be6 21. f4 Ng4
22. Bxg4 1-0

[Event "AUTO-OPEN-3443"]
[Site "http://www.queenalice.com/game.php?id=1344165"]
[Date "2015.2.26"]
[Round "1"]
[White "LordBlack"]
[Black "ALDROB"]
[Result "0-1"]
[WhiteElo "1765"]
[BlackElo "1847"]

1. d4 Nf6 2. c4 g6 3. Nc3 Bg7 4. Nf3 O-O 5. e3 b6 6. g3 Bb7 7. Bg2 c6 8. O-O Na6
9. a3 Nc7 10. b4 d6 11. Bb2 d5 12. c5 b5 13. a4 Nd7 14. a5 f6 15. e4 Re8 16. e5
fxe5 17. dxe5 Nxe5 18. Nxe5 Bxe5 19. Qd2 Ne6 20. Ne2 Bxb2 21. Qxb2 Ng7 0-1

[Event "AUTO-OPEN-3449"]
[Site "http://www.queenalice.com/game.php?id=1346629"]
[Date "2015.3.10"]
[Round "1"]
[White "ALDROB"]
[Black "LordBlack"]
[Result "1-0"]
[WhiteElo "1763"]
[BlackElo "1861"]

1. e4 c5 2. f4 d6 3. Nf3 Bg4 4. Bc4 e6 5. O-O a6 6. a4 Nc6 7. c3 g6 8. d3 Bg7 9.
Be3 Nge7 10. Nbd2 O-O 11. Qb3 Rb8 12. d4 Na5 13. Qc2 Nxc4 14. Nxc4 d5 15. Nce5
Bxf3 16. Rxf3 dxe4 17. Qxe4 Nf5 18. Bf2 1-0

[Event "AUTO-OPEN-3449"]
[Site "http://www.queenalice.com/game.php?id=1346630"]
[Date "2015.3.10"]
[Round "1"]
[White "LordBlack"]
[Black "ALDROB"]
[Result "0-1"]
[WhiteElo "1836"]
[BlackElo "1783"]

1. d4 Nf6 2. c4 g6 3. Nc3 Bg7 4. Nf3 O-O 5. e4 d6 6. Be2 e5 7. d5 Nbd7 8. O-O a5
9. Bg5 h6 10. Bh4 g5 11. Nxg5 hxg5 12. Bxg5 Nc5 13. h4 Bd7 14. h5 Qe8 15. Bxf6
Bxf6 16. Bg4 Bg7 17. Bf5 Bxf5 0-1

[Event "AUTO-OPEN-3449"]
[Site "http://www.queenalice.com/game.php?id=1346659"]
[Date "2015.3.10"]
[Round "1"]
[White "LordBlack"]
[Black "salso"]
[Result "0-1"]
[WhiteElo "1870"]
[BlackElo "2119"]

1. d4 d5 2. c4 e6 3. Nc3 Nc6 4. Nf3 Nf6 5. Bg5 a6 6. e3 dxc4 7. Bxc4 b5 8. Bb3
h6 9. Bh4 Be7 10. a3 Bb7 11. O-O g5 12. Bg3 Bd6 13. Bxd6 cxd6 14. Rc1 Ne7 0-1

[Event "AUTO-OPEN-3449"]
[Site "http://www.queenalice.com/game.php?id=1346660"]
[Date "2015.3.10"]
[Round "1"]
[White "salso"]
[Black "LordBlack"]
[Result "1-0"]
[WhiteElo "2114"]
[BlackElo "1880"]

1. d4 d5 2. e3 Nf6 3. Bd3 c6 4. Nd2 Bg4 5. f3 Bh5 6. c3 Nbd7 7. Qb3 Qc7 8. Ne2
e5 9. c4 Be7 10. e4 dxe4 11. Nxe4 Nxe4 12. Bxe4 exd4 13. Nxd4 Nc5 14. Qc2 Nxe4
15. Qxe4 1-0

[Event "Challenge"]
[Site "http://www.queenalice.com/game.php?id=1349772"]
[Date "2015.3.25"]
[Round "-"]
[White "LordBlack"]
[Black "Omar"]
[Result "0-1"]
[WhiteElo "1706"]
[BlackElo "1782"]

1. d4 d5 2. c4 dxc4 3. Nc3 e6 4. e4 a6 5. Bxc4 h6 6. a3 Be7 7. Nf3 Nf6 8. O-O
O-O 9. e5 Nh7 10. Ne4 b5 11. Ba2 Bb7 0-1